[Event "4NCL Division 1 & 2"]
[Site "Daventry, ENG"]
[Date "2022.06.26"]
[Round "11.75"]
[White "McClement, Andrew"]
[Black "Hobson, Kenneth"]
[Result "1-0"]
[WhiteElo "2211"]
[BlackElo "2205"]
[PlyCount "47"]
[EventDate "2022.06.26"]
[WhiteTeam "Cambridge University 1"]
[BlackTeam "Oxford 1"]

1. Nf3 Nf6 2. c4 e6 3. g3 b6 4. Bg2 Bb7 5. O-O Be7 6. Nc3 O-O 7. d4 Na6 8. Qa4
Qc8 9. Bg5 h6 10. Bxf6 Bxf6 11. e4 Be7 12. Rfe1 f5 13. Ne5 fxe4 14. Nxd7 Rd8
15. Bh3 c6 16. Bxe6+ Kh8 17. Nf8 Qc7 18. Ng6+ Kh7 19. Qc2 Rxd4 20. Rxe4 Nb4 21.
Qb1 Rd3 22. Nxe7 c5 23. Re3 Qc6 24. Nxc6 1-0

[Event "4NCL Division 1 & 2"]
[Site "Daventry, ENG"]
[Date "2022.06.26"]
[Round "11.76"]
[White "Pozimski, Szymon"]
[Black "Lee, Richard W Y"]
[Result "1/2-1/2"]
[WhiteElo "1976"]
[BlackElo "2119"]
[PlyCount "106"]
[EventDate "2022.06.26"]
[WhiteTeam "Oxford 1"]
[BlackTeam "Cambridge University 1"]

1. Nf3 d5 2. e3 Nf6 3. c4 e6 4. b3 Be7 5. Bb2 O-O 6. Nc3 b6 7. cxd5 exd5 8. Be2
Re8 9. O-O Bb7 10. d4 Nbd7 11. Qc1 Ne4 12. Nxe4 dxe4 13. Nd2 Rc8 14. Nc4 Bd5
15. Qd2 c6 16. Rfd1 Rc7 17. Ba3 Bxa3 18. Nxa3 Qh4 19. Rac1 Re6 20. g3 Qh3 21.
Bf1 Qf5 22. Nb5 Rb7 23. Nc3 Nf6 24. Qe2 Rd6 25. Bg2 Re7 26. Qf1 Be6 27. Rc2 h6
28. Rdc1 Bd7 29. Qa6 Bc8 30. Qa3 Rde6 31. d5 Nxd5 32. Nxd5 Qxd5 33. Rxc6 Rxc6
34. Rxc6 Qxc6 35. Qxe7 Qc1+ 36. Bf1 Ba6 37. Qe8+ Kh7 38. Qxe4+ g6 39. Qg2 Qb1
40. h4 Qxa2 41. Bxa6 Qxa6 42. Qd5 Qa1+ 43. Kg2 Kg7 44. e4 Qc3 45. e5 a5 46. e6
Qf6 47. exf7 Qxf7 48. Qd4+ Qf6 49. Qd7+ Kf8 50. Qc8+ Kf7 51. Qc7+ Kf8 52. Qc8+
Kf7 53. Qc7+ Kf8 1/2-1/2

[Event "4NCL Division 1 & 2"]
[Site "Daventry, ENG"]
[Date "2022.06.26"]
[Round "11.77"]
[White "Mihalik, Agoston"]
[Black "Arora, Tashika"]
[Result "0-1"]
[WhiteElo "2157"]
[BlackElo "2036"]
[PlyCount "76"]
[EventDate "2022.06.26"]
[WhiteTeam "Cambridge University 1"]
[BlackTeam "Oxford 1"]

1. e4 e5 2. Nf3 Nc6 3. d4 exd4 4. Bc4 Bc5 5. c3 Nf6 6. e5 d5 7. Bb5 Ne4 8. cxd4
Bb6 9. Nc3 O-O 10. Be3 f6 11. Qb3 Nxc3 12. bxc3 Na5 13. Qc2 Nc4 14. Bxc4 dxc4
15. exf6 Qxf6 16. Ne5 Be6 17. O-O c5 18. f4 cxd4 19. cxd4 Rac8 20. g4 Bd5 21.
Rad1 Bc7 22. Bc1 Qh4 23. Qe2 Rce8 24. f5 h5 25. Rf4 g5 26. fxg6 Rxf4 27. Bxf4
hxg4 28. Qxg4 Qxg4+ 29. Nxg4 Bxf4 30. Nf6+ Kf8 31. Nxd5 Bg5 32. Kf2 Kg7 33. Rg1
Bh6 34. h4 c3 35. Kf3 c2 36. Nf4 Rf8 37. Rc1 Rxf4+ 38. Kg3 Rg4+ 0-1

[Event "4NCL Division 1 & 2"]
[Site "Daventry, ENG"]
[Date "2022.06.26"]
[Round "11.78"]
[White "Zakarian, Dimitrios Levon"]
[Black "Starley, Robert"]
[Result "0-1"]
[WhiteElo "2017"]
[BlackElo "2048"]
[PlyCount "82"]
[EventDate "2022.06.26"]
[WhiteTeam "Oxford 1"]
[BlackTeam "Cambridge University 1"]

1. d4 Nf6 2. Nf3 e6 3. c4 c5 4. d5 exd5 5. cxd5 d6 6. Nc3 g6 7. Bf4 a6 8. a4
Bg7 9. e3 O-O 10. h3 Qb6 11. Qd2 Bf5 12. a5 Qc7 13. Bd3 Bxd3 14. Qxd3 Nbd7 15.
O-O Rfe8 16. Nd2 Ne5 17. Bxe5 Rxe5 18. f4 Re7 19. e4 Rae8 20. Rae1 Qxa5 21. Nc4
Qd8 22. e5 dxe5 23. fxe5 b5 24. Nd6 Rxe5 25. Nxe8 Qxe8 26. Rxe5 Qxe5 27. Rd1
Bh6 28. Kh1 Nh5 29. Ne2 Qxe2 30. Qxe2 Ng3+ 31. Kh2 Nxe2 32. d6 Nd4 33. d7 Bf4+
34. Kh1 Bc7 35. b4 Ne6 36. bxc5 Kf8 37. Kg1 Ke7 38. c6 Nd8 39. Rc1 Kd6 40. Rf1
Kxc6 41. Rf6+ Bd6 0-1

[Event "4NCL Division 1 & 2"]
[Site "Daventry, ENG"]
[Date "2022.06.26"]
[Round "11.81"]
[White "Coathup, Roger H"]
[Black "Chow, Samuel"]
[Result "0-1"]
[WhiteElo "2190"]
[BlackElo "2407"]
[PlyCount "142"]
[EventDate "2022.06.26"]
[WhiteTeam "North East England"]
[BlackTeam "Chessable White Rose 2"]

1. Nf3 Nf6 2. c4 g6 3. Nc3 Bg7 4. b3 d5 5. e3 O-O 6. Bb2 c5 7. d4 cxd4 8. exd4
dxc4 9. Bxc4 Nbd7 10. O-O Nb6 11. Bd3 Bf5 12. Bxf5 gxf5 13. Qe2 Nbd5 14. Rfd1
e6 15. Ne5 Rc8 16. Nxd5 Qxd5 17. Rac1 Qa5 18. a4 Rfd8 19. Qf3 Rxc1 20. Rxc1 Ne4
21. Nc4 Qd5 22. Rd1 b5 23. axb5 Qxb5 24. h3 Rb8 25. Rd3 Qd5 26. Ne3 Qa5 27. Qd1
Qa2 28. Nc4 a5 29. f3 Nf6 30. Qa1 Qxa1+ 31. Bxa1 a4 32. Bb2 Nd5 33. Kf1 Bh6 34.
Ba3 axb3 35. Bb2 Rc8 36. Na5 Ne3+ 37. Kg1 Nxg2 38. Kxg2 Rc2+ 39. Kg1 Rxb2 40.
Rxb3 Rd2 41. Nc6 Kg7 42. Kf1 Bg5 43. Rb4 Bf6 44. Ne5 Rh2 45. Rb7 Bxe5 46. dxe5
Rxh3 47. Kg2 Rh6 48. f4 Rg6+ 49. Kf3 Rg1 50. Rb2 Rf1+ 51. Kg3 Rg1+ 52. Kf3 Kg6
53. Rb8 Ra1 54. Rg8+ Kh6 55. Kf2 Rh1 56. Kg2 Rh4 57. Kf3 Rg4 58. Rf8 Kg7 59.
Ra8 h6 60. Ra7 Rg1 61. Ra2 Rb1 62. Ra7 Rb3+ 63. Kg2 h5 64. Ra1 h4 65. Rh1 h3+
66. Rxh3 Rxh3 67. Kxh3 f6 68. exf6+ Kxf6 69. Kg3 Ke7 70. Kf3 Kd6 71. Ke3 Kc5
0-1

[Event "4NCL Division 1 & 2"]
[Site "Daventry, ENG"]
[Date "2022.06.26"]
[Round "11.82"]
[White "Wall, Tim P"]
[Black "Taylor, Adam A"]
[Result "0-1"]
[WhiteElo "2305"]
[BlackElo "2274"]
[PlyCount "84"]
[EventDate "2022.06.26"]
[WhiteTeam "Chessable White Rose 2"]
[BlackTeam "North East England"]

1. e4 c5 2. Nf3 Nc6 3. c3 d5 4. exd5 Qxd5 5. d4 e5 6. dxe5 Qxd1+ 7. Kxd1 Bg4 8.
Bf4 Nge7 9. Be2 Ng6 10. Bg3 O-O-O+ 11. Nbd2 Bxf3 12. Bxf3 Ngxe5 13. Be2 f5 14.
Kc2 Ng6 15. h4 Bd6 16. Bxd6 Rxd6 17. Nc4 Rdd8 18. Rad1 Kc7 19. Ne3 Rxd1 20.
Bxd1 Rf8 21. h5 Nge7 22. h6 g5 23. Rh5 Rg8 24. Bf3 Kd6 25. a3 b6 26. Rh1 Ne5
27. Be2 Rd8 28. Nc4+ Nxc4 29. Bxc4 Nc6 30. Rd1+ Ke7 31. Rxd8 Nxd8 32. Bg8 Nf7
33. Bxh7 Kf6 34. Bg8 Nxh6 35. Bd5 Ng4 36. b4 Ke5 37. Bf3 Nxf2 38. bxc5 bxc5 39.
Kb3 Ne4 40. Kc2 g4 41. Be2 Kf4 42. Kd3 Nd6 0-1

[Event "4NCL Division 1 & 2"]
[Site "Daventry, ENG"]
[Date "2022.06.26"]
[Round "11.83"]
[White "Oswald, Graeme"]
[Black "Dunworth, Christopher N"]
[Result "1/2-1/2"]
[WhiteElo "2154"]
[BlackElo "2228"]
[PlyCount "118"]
[EventDate "2022.06.26"]
[WhiteTeam "North East England"]
[BlackTeam "Chessable White Rose 2"]

1. e4 g6 2. d4 c6 3. Nc3 d6 4. f4 d5 5. e5 h5 6. Nf3 Bg4 7. h3 Bxf3 8. Qxf3 e6
9. Be3 h4 10. O-O-O Nd7 11. g4 hxg3 12. Ne2 g2 13. Qxg2 Be7 14. f5 exf5 15. e6
Nf8 16. exf7+ Kxf7 17. Nf4 Bf6 18. Be2 Qa5 19. Rd3 Re8 20. Bd2 Qd8 21. Rg1 Ne7
22. c3 Qd6 23. Rg3 Bh4 24. Rf3 Qf6 25. Nd3 Nd7 26. Bf4 Rhg8 27. Re3 Nc8 28. Be5
Nxe5 29. dxe5 Qh8 30. Nf4 Qh6 31. Rf1 Bg5 32. Qg3 Bxf4 33. Rxf4 Re6 34. Rh4 Qg7
35. c4 Ne7 36. b3 Rh8 37. Rxh8 Qxh8 38. Qf4 Kg7 39. Kd2 Qh6 40. Qxh6+ Kxh6 41.
Bf3 Kg5 42. cxd5 cxd5 43. Rc3 Kf4 44. Bg2 b6 45. Rc7 a5 46. Rd7 Kxe5 47. Ke3 g5
48. Bf3 Ng6 49. Rxd5+ Kf6+ 50. Kd4 Nf4 51. Rd7 Nxh3 52. Bd5 Re2 53. Rd6+ Kg7
54. Rxb6 Nf4 55. Bb7 Ne6+ 56. Kd5 Nf4+ 57. Kd4 Ne6+ 58. Kd5 Nf4+ 59. Kd4 Ne6+
1/2-1/2

[Event "4NCL Division 1 & 2"]
[Site "Daventry, ENG"]
[Date "2022.06.26"]
[Round "11.84"]
[White "Townsend, M Paul"]
[Black "Henderson, David"]
[Result "1/2-1/2"]
[WhiteElo "2238"]
[BlackElo "2162"]
[PlyCount "59"]
[EventDate "2022.06.26"]
[WhiteTeam "Chessable White Rose 2"]
[BlackTeam "North East England"]

1. d4 d5 2. c4 e6 3. Nf3 Nf6 4. g3 dxc4 5. Bg2 a6 6. O-O Be7 7. Ne5 O-O 8. Nc3
Ra7 9. Nxc4 b5 10. Ne5 Bb7 11. Bf4 Bxg2 12. Kxg2 Nbd7 13. Rc1 Qa8+ 14. Kg1 Rd8
15. Qc2 Nxe5 16. dxe5 Nd7 17. Ne4 c5 18. Rfd1 Rc7 19. h4 h6 20. h5 Qc6 21. Rd2
Nb6 22. Rxd8+ Bxd8 23. Qd3 Be7 24. Nxc5 Bxc5 25. b4 Bxf2+ 26. Kxf2 Nc4 27. Qd8+
Kh7 28. Qd3+ Kg8 29. Qd8+ Kh7 30. Qd3+ 1/2-1/2

[Event "4NCL Division 1 & 2"]
[Site "Daventry, ENG"]
[Date "2022.06.26"]
[Round "11.85"]
[White "Dargan, Paul A G"]
[Black "Heritage, Jamie"]
[Result "0-1"]
[WhiteElo "2112"]
[BlackElo "2052"]
[PlyCount "48"]
[EventDate "2022.06.26"]
[WhiteTeam "North East England"]
[BlackTeam "Chessable White Rose 2"]

1. e4 e5 2. Nf3 Nc6 3. Bb5 a6 4. Ba4 Nf6 5. O-O Nxe4 6. d4 b5 7. Bb3 d5 8. dxe5
Be6 9. Nbd2 Nc5 10. c3 d4 11. cxd4 Nxd4 12. Nxd4 Qxd4 13. Qf3 Rd8 14. Bxe6 fxe6
15. Nb3 Qd5 16. Qg4 Nd3 17. Bg5 Nxe5 18. Qh5+ Nf7 19. h4 h6 20. Rfe1 hxg5 21.
Qg4 Rxh4 22. Rxe6+ Kd7 23. Qe2 Qxe6 24. Rd1+ Ke7 0-1

[Event "4NCL Division 1 & 2"]
[Site "Daventry, ENG"]
[Date "2022.06.26"]
[Round "11.86"]
[White "Barrett, Stephen J"]
[Black "Longson, Sarah N"]
[Result "1/2-1/2"]
[WhiteElo "2087"]
[BlackElo "2115"]
[PlyCount "86"]
[EventDate "2022.06.26"]
[WhiteTeam "Chessable White Rose 2"]
[BlackTeam "North East England"]

1. d4 d5 2. c4 c6 3. Nf3 Nf6 4. e3 e6 5. b3 Ne4 6. Bd3 f5 7. O-O Bd6 8. Bb2 Nd7
9. Ne5 Nxe5 10. dxe5 Bc5 11. Na3 O-O 12. Nc2 Bd7 13. Qe2 Qh4 14. Rad1 Be8 15.
Nd4 Bh5 16. f3 f4 17. Qe1 Qxe1 18. Rfxe1 Bxd4 19. exd4 Ng5 20. h4 Nf7 21. cxd5
cxd5 22. Rc1 Nd8 23. Rc7 Rf7 24. Rxf7 Bxf7 25. Bc1 Nc6 26. Bxf4 Nxd4 27. Kf2
Rc8 28. Rc1 Rc6 29. Be3 Rxc1 30. Bxc1 Nc6 31. Bb2 Nb4 32. Bb1 Bg6 33. Bxg6 hxg6
34. Bd4 Nxa2 35. Bxa7 Nb4 36. Bd4 Kf7 37. Bc3 Nc6 38. Ke3 b5 39. Kf4 Ke7 40. g4
Kf7 41. Ke3 Ke8 42. Bb2 Na5 43. Bc3 Nc6 1/2-1/2

[Event "4NCL Division 1 & 2"]
[Site "Daventry, ENG"]
[Date "2022.06.26"]
[Round "11.87"]
[White "Caso Huerta, Marcos"]
[Black "Shaw, Peter"]
[Result "1-0"]
[WhiteElo "1935"]
[BlackElo "2092"]
[PlyCount "73"]
[EventDate "2022.06.26"]
[WhiteTeam "North East England"]
[BlackTeam "Chessable White Rose 2"]

1. e4 d6 2. d4 Nf6 3. Nc3 c6 4. f4 Qa5 5. Bd3 e5 6. dxe5 dxe5 7. f5 Bc5 8. Qf3
Nbd7 9. Nge2 b5 10. Bd2 Qc7 11. g4 Nb6 12. g5 Nfd7 13. Ng3 Bb7 14. Nh5 Rg8 15.
f6 gxf6 16. Nxf6+ Nxf6 17. Qxf6 Nd7 18. Qf5 Nf8 19. Rf1 Bc8 20. Nxb5 cxb5 21.
Bxb5+ Kd8 22. Qf6+ Qe7 23. Ba5+ Bb6 24. Bxb6+ axb6 25. Qxb6+ Qc7 26. O-O-O+ Bd7
27. Qxc7+ Kxc7 28. Rxf7 Rd8 29. h4 h6 30. gxh6 Rh8 31. h7 Rxh7 32. Rdxd7+ Rxd7
33. Rxf8 Rdg7 34. Rf5 Rxh4 35. Rxe5 Rg2 36. b3 Rhh2 37. Bd3 1-0

[Event "4NCL Division 1 & 2"]
[Site "Daventry, ENG"]
[Date "2022.06.26"]
[Round "11.88"]
[White "Walton, Alan J"]
[Black "Ekanem Nathan"]
[Result "1/2-1/2"]
[WhiteElo "2102"]
[BlackElo "2035"]
[PlyCount "28"]
[EventDate "2022.06.26"]
[WhiteTeam "Chessable White Rose 2"]
[BlackTeam "North East England"]

1. d4 Nf6 2. Bg5 Ne4 3. Bf4 g6 4. f3 Nf6 5. e4 d6 6. Nc3 Bg7 7. Qd2 h6 8. Nge2
c6 9. Ng3 Qa5 10. Be2 h5 11. h4 e5 12. dxe5 dxe5 13. Be3 Be6 14. Nd1 Qxd2+
1/2-1/2

[Event "4NCL Division 1 & 2"]
[Site "Daventry, ENG"]
[Date "2022.06.26"]
[Round "11.91"]
[White "Mestel, A Jonathan"]
[Black "Taylor, Martin R"]
[Result "1-0"]
[WhiteElo "2471"]
[BlackElo "2342"]
[PlyCount "109"]
[EventDate "2022.06.26"]
[WhiteTeam "The ADs"]
[BlackTeam "Barbican 4NCL"]

1. c4 e5 2. Nc3 Nc6 3. g3 g6 4. Bg2 Bg7 5. Rb1 d6 6. b4 Nh6 7. d3 O-O 8. e3 f5
9. Nge2 Ne7 10. f4 c6 11. b5 Be6 12. O-O Qc7 13. Qb3 Rfe8 14. Bd2 Nf7 15. Rfc1
c5 16. Nd5 Nxd5 17. cxd5 Bd7 18. d4 e4 19. Bf1 Rac8 20. a4 Qd8 21. a5 b6 22.
Ra1 Qe7 23. Bc3 Rc7 24. Rd1 Rb8 25. dxc5 bxc5 26. Bxg7 Kxg7 27. Nc3 g5 28. Ra2
Qf6 29. Rg2 c4 30. Qb4 Bxb5 31. Nxb5 Rc5 32. Bxc4 a6 33. Bf1 axb5 34. a6 g4 35.
Ra2 Qe7 36. Bxb5 Rcxb5 37. Qxb5 Rxb5 38. a7 Qc7 39. a8=Q Qc3 40. Qa7 Rc5 41.
Qa3 Qc4 42. Qb2+ Kg6 43. Rd4 Qc1+ 44. Qxc1 Rxc1+ 45. Kf2 Rh1 46. Kg2 Re1 47.
Ra3 Re2+ 48. Kg1 h5 49. Rb4 Rd2 50. Rb5 Rd1+ 51. Kf2 Rd2+ 52. Kf1 Rxh2 53. Ra7
Rd2 54. Rbb7 Nh6 55. Re7 1-0

[Event "4NCL Division 1 & 2"]
[Site "Daventry, ENG"]
[Date "2022.06.26"]
[Round "11.92"]
[White "Franklin, Samuel G A"]
[Black "Richardson, John R"]
[Result "1/2-1/2"]
[WhiteElo "2321"]
[BlackElo "2279"]
[PlyCount "81"]
[EventDate "2022.06.26"]
[WhiteTeam "Barbican 4NCL"]
[BlackTeam "The ADs"]

1. c4 Nf6 2. Nc3 e6 3. e4 d5 4. e5 d4 5. exf6 dxc3 6. bxc3 Qxf6 7. d4 e5 8. Nf3
Nc6 9. Be2 exd4 10. Bg5 Qg6 11. O-O f6 12. Bf4 dxc3 13. Nd4 c2 14. Nxc2 Qf5 15.
Bg3 Bc5 16. Bd3 Qg4 17. Re1+ Kf7 18. Be2 Qf5 19. Bd3 Qg4 20. Be2 Qf5 21. Bf3
Rd8 22. Bd5+ Kf8 23. Qe2 Bd7 24. Ne3 Qg6 25. Bxc7 Re8 26. Rad1 Re7 27. Qb2 b6
28. Bg3 Rae8 29. Bf3 Nb4 30. Qb3 Bf5 31. Bd6 Bxd6 32. Rxd6 Nc2 33. Re2 Nxe3 34.
fxe3 Bg4 35. Bxg4 Qxg4 36. Qd3 Re4 37. Rd8 Qe6 38. Rxe8+ Kxe8 39. c5 bxc5 40.
Qb5+ Kf7 41. Qxc5 1/2-1/2

[Event "4NCL Division 1 & 2"]
[Site "Daventry, ENG"]
[Date "2022.06.26"]
[Round "11.93"]
[White "Bradbury, Neil H"]
[Black "Cox, John J"]
[Result "1-0"]
[WhiteElo "2196"]
[BlackElo "2313"]
[PlyCount "114"]
[EventDate "2022.06.26"]
[WhiteTeam "The ADs"]
[BlackTeam "Barbican 4NCL"]

1. d4 Nf6 2. Nf3 e6 3. Bg5 d5 4. e3 c5 5. Nbd2 Nc6 6. c3 Be7 7. Bd3 b6 8. Ne5
Nxe5 9. dxe5 Nd7 10. Bxe7 Qxe7 11. f4 Bb7 12. Qe2 f6 13. Bb5 fxe5 14. Nf3 O-O
15. Bxd7 Qxd7 16. Nxe5 Qa4 17. O-O Rad8 18. Qg4 Rf5 19. Rf3 Qe8 20. Rg3 Qe7 21.
Rd1 Rff8 22. h4 Qf6 23. h5 Rfe8 24. Qg5 Qxg5 25. Rxg5 h6 26. Rg6 a5 27. Kf2 Bc8
28. g4 Rf8 29. g5 hxg5 30. Rxg5 Rf5 31. Rxf5 exf5 32. Nc6 Rd7 33. Rxd5 Kh7 34.
c4 Rb7 35. Rd8 Be6 36. b3 a4 37. Rd6 axb3 38. axb3 Bg8 39. Ne5 b5 40. Rc6 bxc4
41. bxc4 Rb2+ 42. Kg3 Re2 43. Rxc5 Rxe3+ 44. Kh4 Re1 45. Rc6 Rg1 46. c5 Bd5 47.
Rd6 Be4 48. c6 Rh1+ 49. Kg3 Bxc6 50. Rxc6 Rxh5 51. Nf3 Kg8 52. Rc8+ Kf7 53.
Ng5+ Ke7 54. Rc7+ Kf6 55. Rc6+ Ke7 56. Rg6 Kf8 57. Nf3 Rh8 1-0

[Event "4NCL Division 1 & 2"]
[Site "Daventry, ENG"]
[Date "2022.06.26"]
[Round "11.95"]
[White "Duggan, John E"]
[Black "Martyn, Rafe"]
[Result "1/2-1/2"]
[WhiteElo "2158"]
[BlackElo "2210"]
[PlyCount "60"]
[EventDate "2022.06.26"]
[WhiteTeam "The ADs"]
[BlackTeam "Barbican 4NCL"]

1. d4 d5 2. Nf3 Nf6 3. c4 c6 4. e3 e6 5. Bd3 dxc4 6. Bxc4 c5 7. Qe2 a6 8. dxc5
Bxc5 9. O-O O-O 10. a3 b5 11. Bd3 Nbd7 12. b4 Bd6 13. Bb2 Bb7 14. Nbd2 Qb8 15.
h3 Ne5 16. Nxe5 Bxe5 17. Nb3 Ne4 18. Rac1 Bxb2 19. Qxb2 Rc8 20. Rxc8+ Qxc8 21.
Rc1 Qd8 22. Qd4 Nf6 23. Qxd8+ Rxd8 24. Nc5 Bc8 25. Kf1 Kf8 26. Ke2 Ke7 27. Ne4
Nd5 28. Rc5 Bb7 29. f3 f5 30. Nc3 Nxc3+ 1/2-1/2

[Event "4NCL Division 1 & 2"]
[Site "Daventry, ENG"]
[Date "2022.06.26"]
[Round "11.96"]
[White "Sowray, Peter J"]
[Black "Bird, Joel"]
[Result "1-0"]
[WhiteElo "2253"]
[BlackElo "2086"]
[PlyCount "29"]
[EventDate "2022.06.26"]
[WhiteTeam "Barbican 4NCL"]
[BlackTeam "The ADs"]

1. Nf3 d5 2. e3 Nf6 3. c4 c6 4. Nc3 e6 5. Qc2 Bd6 6. b3 Nbd7 7. Bb2 O-O 8. d4
Re8 9. Be2 e5 10. cxd5 cxd5 11. Nb5 Bb8 12. Rc1 e4 13. Nd2 Re6 14. Qxc8 Re8 15.
Qc2 1-0

[Event "4NCL Division 1 & 2"]
[Site "Daventry, ENG"]
[Date "2022.06.26"]
[Round "11.97"]
[White "Agrawal, Shivam"]
[Black "Bhatia, Kanwal K"]
[Result "0-1"]
[WhiteElo "2027"]
[BlackElo "1968"]
[PlyCount "100"]
[EventDate "2022.06.26"]
[WhiteTeam "The ADs"]
[BlackTeam "Barbican 4NCL"]

1. d4 Nf6 2. Nf3 c5 3. d5 b5 4. c4 g6 5. cxb5 a6 6. bxa6 Bg7 7. Nc3 Bxa6 8. e4
Bxf1 9. Kxf1 d6 10. h3 Nbd7 11. Be3 O-O 12. Qd2 Qb6 13. Kg1 Rfb8 14. Rb1 Qb4
15. Qc2 Ne8 16. Kh2 Nc7 17. Bd2 Nb6 18. b3 Qa5 19. Na4 Qa6 20. Nxb6 Rxb6 21. a4
Qb7 22. Be3 Na6 23. Nd2 Nb4 24. Qd1 Qc8 25. Nc4 Rb7 26. Bc1 Na2 27. Bb2 Nc3 28.
Bxc3 Bxc3 29. Qc2 Bg7 30. Rhe1 Rb4 31. Re3 Qb7 32. Rd1 Rf8 33. Na5 Qc7 34. Nc6
Rb6 35. g3 Rxc6 36. dxc6 Qxc6 37. f4 Rb8 38. Rc1 Rb4 39. e5 Qd7 40. Rd3 Qe6 41.
Qd2 h5 42. exd6 exd6 43. Re1 Qf5 44. Rd5 Qc8 45. Rxd6 Bd4 46. Rc1 Qb8 47. Rd5
Qb7 48. Rd8+ Kh7 49. Rxc5 Bxc5 50. Qb2 Bg1+ 0-1

[Event "4NCL Division 1 & 2"]
[Site "Daventry, ENG"]
[Date "2022.06.26"]
[Round "11.98"]
[White "Ratnesan, Radha"]
[Black "Walsh, Marcus"]
[Result "0-1"]
[WhiteElo "1712"]
[BlackElo "1988"]
[PlyCount "70"]
[EventDate "2022.06.26"]
[WhiteTeam "Barbican 4NCL"]
[BlackTeam "The ADs"]

1. d4 Nf6 2. c4 c5 3. d5 e6 4. Nc3 exd5 5. cxd5 d6 6. Nf3 g6 7. Bf4 a6 8. a4
Bg7 9. h3 O-O 10. e3 Re8 11. Be2 Qe7 12. O-O Nbd7 13. Re1 Rb8 14. Nd2 Ne5 15.
e4 h5 16. Bh2 Nh7 17. f4 Nd7 18. Bf3 Bd4+ 19. Kh1 b5 20. axb5 axb5 21. Nb3 b4
22. Nxd4 cxd4 23. Ne2 d3 24. Nd4 Bb7 25. Qxd3 Nc5 26. Qd2 Nf6 27. e5 Nxd5 28.
exd6 Qd7 29. Ra7 Rxe1+ 30. Qxe1 Qxd6 31. f5 Nf4 32. Nb5 Qd3 33. Bxf4 Bxf3 34.
Bxb8 Bc6 35. Nd6 Qxh3+ 0-1

[Event "4NCL Division 1 & 2"]
[Site "Daventry, ENG"]
[Date "2022.06.26"]
[Round "11.101"]
[White "Gourlay, Iain"]
[Black "Cumming, Rhys"]
[Result "1/2-1/2"]
[WhiteElo "2320"]
[BlackElo "2362"]
[PlyCount "74"]
[EventDate "2022.06.26"]
[WhiteTeam "Alba"]
[BlackTeam "Sussex Martlets 1"]

1. d4 Nf6 2. Nf3 g6 3. g3 Bg7 4. Bg2 d5 5. O-O O-O 6. c4 c6 7. b3 b5 8. cxd5
cxd5 9. Nc3 b4 10. Na4 Nc6 11. Bb2 Ne4 12. Rc1 Bd7 13. Nc5 Rc8 14. h3 e6 15.
Qd3 Nxc5 16. Rxc5 Qb6 17. Rfc1 Rc7 18. Qc2 Rfc8 19. Ne5 Nxd4 20. Bxd4 Bxe5 21.
Rxc7 Qxc7 22. Qxc7 Rxc7 23. Rxc7 Bxc7 24. Bxa7 Bd6 25. e4 dxe4 26. Bxe4 Bb5 27.
f4 f5 28. Bc2 g5 29. Be3 gxf4 30. gxf4 Kf7 31. Kf2 Kf6 32. Bd4+ e5 33. fxe5+
Bxe5 34. Bc5 Bc3 35. a3 bxa3 36. Bxa3 Ke5 37. Bc5 Bd2 1/2-1/2

[Event "4NCL Division 1 & 2"]
[Site "Daventry, ENG"]
[Date "2022.06.26"]
[Round "11.102"]
[White "Payne, Matthew J"]
[Black "Berry, Neil"]
[Result "0-1"]
[WhiteElo "2165"]
[BlackElo "2275"]
[PlyCount "48"]
[EventDate "2022.06.26"]
[WhiteTeam "Sussex Martlets 1"]
[BlackTeam "Alba"]

1. e4 e5 2. Nf3 Nc6 3. d4 exd4 4. Bc4 Nf6 5. e5 Ne4 6. Qe2 Nc5 7. c3 d3 8. Qe3
Be7 9. b4 Ne6 10. Qxd3 d6 11. exd6 Bxd6 12. Nbd2 O-O 13. g3 a5 14. Ne4 axb4 15.
Nxd6 cxd6 16. O-O Nc5 17. Qc2 Qf6 18. Nd4 bxc3 19. Nb5 Ra4 20. Be2 Bh3 21. Rd1
Nd4 22. Nxd4 Rxd4 23. Rxd4 Qxd4 24. Bf3 Qf6 0-1

[Event "4NCL Division 1 & 2"]
[Site "Daventry, ENG"]
[Date "2022.06.26"]
[Round "11.103"]
[White "Morrison, Graham"]
[Black "Willson, Ollie"]
[Result "1/2-1/2"]
[WhiteElo "2223"]
[BlackElo "2110"]
[PlyCount "50"]
[EventDate "2022.06.26"]
[WhiteTeam "Alba"]
[BlackTeam "Sussex Martlets 1"]

{[%evp 0,50,16,28,29,-16,-16,-23,26,32,40,21,33,-26,13,-6,10,-24,31,5,0,15,29,
-38,-33,-61,135,-27,74,74,-6,-1,36,-30,63,38,41,-17,4,24,30,30,28,17,17,-20,
-39,-59,-110,-113,-18,-1140,-3]} 1. d4 Nf6 2. c4 e6 3. Nf3 Bb4+ 4. Bd2 a5 5. g3
d5 6. Bg2 dxc4 7. O-O O-O 8. Bg5 Be7 9. Qc2 b5 10. a4 c6 11. Na3 Qb6 12. e4 Bb7
13. e5 Nd5 14. Bxe7 Nxe7 15. Ng5 Ng6 16. Rad1 Na6 17. Qe4 Ra7 18. Qg4 h6 19.
Ne4 Nb4 20. Nd6 Ba6 21. Be4 Ne7 22. Bb1 Nbd5 23. Rfe1 c3 24. Qe2 bxa4 25. Qd2
g6 1/2-1/2

[Event "4NCL Division 1 & 2"]
[Site "Daventry, ENG"]
[Date "2022.06.26"]
[Round "11.104"]
[White "Kolani, Arjun"]
[Black "McKay, Roderick M"]
[Result "1/2-1/2"]
[WhiteElo "2171"]
[BlackElo "2213"]
[PlyCount "93"]
[EventDate "2022.06.26"]
[WhiteTeam "Sussex Martlets 1"]
[BlackTeam "Alba"]

1. e4 c5 2. Nf3 d6 3. d4 cxd4 4. Nxd4 Nf6 5. Nc3 e5 6. Nb3 Be7 7. f3 Be6 8. Be3
Nc6 9. Qd2 a5 10. Bb5 O-O 11. O-O-O Nd7 12. Kb1 Nb6 13. Qf2 Nc4 14. Bxc4 Bxc4
15. Nd5 Bxd5 16. Rxd5 a4 17. Nd2 Qc8 18. a3 f5 19. Nc4 fxe4 20. Nb6 Qe6 21. Qd2
exf3 22. Nxa8 fxg2 23. Qxg2 Rxa8 24. Rg1 Bf8 25. h4 Rd8 26. Qe4 Rd7 27. Rgd1
Ne7 28. Rb5 d5 29. Qxa4 d4 30. Bg5 Nd5 31. Re1 h6 32. Bd2 e4 33. Bc1 Nf6 34.
Qa8 Qc6 35. Rb3 Rc7 36. c3 Qd5 37. Qa4 d3 38. Bd2 Qf5 39. Qd4 Rd7 40. Qc4+ Kh7
41. Rb5 Qf2 42. Kc1 Re7 43. Qd4 Qxd4 44. cxd4 Ng4 45. Rf5 Rc7+ 46. Kd1 Nf6 47.
Rxf6 1/2-1/2

[Event "4NCL Division 1 & 2"]
[Site "Daventry, ENG"]
[Date "2022.06.26"]
[Round "11.105"]
[White "Shafi, Declan"]
[Black "Graham, David B"]
[Result "1-0"]
[WhiteElo "2202"]
[BlackElo "2115"]
[PlyCount "124"]
[EventDate "2022.06.26"]
[WhiteTeam "Alba"]
[BlackTeam "Sussex Martlets 1"]

1. d4 d5 2. Nf3 Nf6 3. g3 e6 4. Bg2 Be7 5. O-O O-O 6. c4 c6 7. Nc3 Nbd7 8. Qd3
b6 9. cxd5 exd5 10. Bd2 Bb7 11. Rab1 a5 12. Rfc1 b5 13. Ne1 a4 14. b3 a3 15. b4
Nb6 16. e4 Nc4 17. exd5 Nxd5 18. Nxd5 cxd5 19. Nc2 Bg5 20. Bxg5 Qxg5 21. h4 Qf6
22. Ne3 Rfd8 23. Rc3 g6 24. Rbb3 Qd6 25. Qd1 Ra4 26. Nc2 Rda8 27. Qc1 Kg7 28.
h5 h6 29. hxg6 fxg6 30. Bh3 Bc8 31. Bxc8 Rxc8 32. Nxa3 Rca8 33. Nxb5 Qb6 34.
Na3 Qxd4 35. Nxc4 Rxa2 36. Ne3 Ra1 37. Rc7+ Kg8 38. Rb1 Rxb1 39. Qxb1 Ra1 40.
Rc1 Rxb1 41. Rxb1 Qe4 42. Rb2 d4 43. Nf1 d3 44. b5 Qe5 45. Rb1 Qd5 46. b6 Qb7
47. Nd2 Kf7 48. Ne4 Qxe4 49. b7 d2 50. b8=Q Qe1+ 51. Kg2 d1=Q 52. Qf4+ Ke8 53.
Rb8+ Qd8 54. Rxd8+ Kxd8 55. Qd6+ Kc8 56. Qxg6 Qd2 57. Qe6+ Kc7 58. Qe3 Qd5+ 59.
f3 Qh5 60. Qd4 Qg6 61. g4 Qg5 62. Kg3 Qc1 1-0

[Event "4NCL Division 1 & 2"]
[Site "Daventry, ENG"]
[Date "2022.06.26"]
[Round "11.106"]
[White "Brewer, Callum D"]
[Black "Coleman, Robbie"]
[Result "1-0"]
[WhiteElo "2151"]
[BlackElo "2050"]
[PlyCount "89"]
[EventDate "2022.06.26"]
[WhiteTeam "Sussex Martlets 1"]
[BlackTeam "Alba"]

1. e4 c5 2. Nc3 e6 3. f4 d5 4. Nf3 d4 5. Bb5+ Bd7 6. Bxd7+ Nxd7 7. Ne2 Ngf6 8.
d3 Be7 9. O-O O-O 10. Qe1 b5 11. Qg3 Qb6 12. Kh1 Rac8 13. Qh3 Rfd8 14. Ng5 h6
15. Nf3 c4 16. g4 cxd3 17. cxd3 Ne8 18. g5 hxg5 19. fxg5 e5 20. Ng3 g6 21. Qg2
Qe6 22. Qf2 Ng7 23. Ne1 a5 24. Bd2 b4 25. Kg1 Rf8 26. Qg2 Nc5 27. b3 Nb7 28.
Nf5 gxf5 29. exf5 Nxf5 30. Qxb7 Nh4 31. Qe4 Ng6 32. Rf5 Kg7 33. Rc1 Rxc1 34.
Bxc1 Rh8 35. Nf3 Qc8 36. Bd2 Qc2 37. Nxe5 Nxe5 38. Qxe5+ Kg8 39. Qxe7 Qd1+ 40.
Rf1 Qg4+ 41. Kh1 Rxh2+ 42. Kxh2 Qh4+ 43. Kg2 Qg4+ 44. Kf2 Qh4+ 45. Ke2 1-0